[Event "e2e4 Diamond Jubilee Premier"]
[Site "London ENG"]
[Date "2012.06.03"]
[Round "3.37"]
[White "Fox, Anthony"]
[Black "O'Donnell, Conor"]
[Result "0-1"]
[WhiteElo "2110"]
[BlackElo "1860"]
[WhiteFideId "2500736"]
[BlackFideId "2504243"]
[EventDate "2012.06.02"]

1. e4 c6 2. d4 d5 3. Nc3 dxe4 4. Nxe4 Bf5 5. Ng3 Bg6 6. h4 h6 7. Nf3 Nd7 8. h5
Bh7 9. Bd3 Bxd3 10. Qxd3 e6 11. Bf4 Qa5+ 12. Bd2 Bb4 13. Ne4 Ngf6 14. Nd6+ Ke7
15. Nc4 Bxd2+ 16. Nfxd2 Qc7 17. O-O-O b5 18. Qa3+ c5 19. dxc5 Qxc5 20. Qxc5+
Nxc5 21. Ne5 Rac8 22. g4 Nd5 23. Kb1 Nd7 24. Nxd7 Kxd7 25. Nb3 Rc4 26. f3 b4 27.
Rd4 Rhc8 28. Rxc4 Rxc4 29. Rd1 Ke7 30. Rd4 Rxd4 31. Nxd4 Kf6 32. Kc1 Ke5 33.
Nc6+ Kf4 34. Nxa7 Kxf3 35. Nc6 Kxg4 36. c4 bxc3 37. b4 Nb6 38. Kc2 f5 39. Kxc3
f4 40. Ne5+ Kg3 41. Kd4 f3 42. Nd3 Nd5 43. b5 Nb4 44. b6 Nxd3 45. b7 e5+ 46.
Kxd3 f2 47. b8=Q f1=Q+ 48. Kc2 Qe2+ 49. Kb3 Qxh5 50. Qd6 Qf3+ 51. Kb2 Qf2+ 52.
Kb1 Qe1+ 53. Kb2 Qe4 54. Qc7 g5 55. Qc3+ Kg4 56. Qc8+ Kh4 57. Qf8 Qe2+ 58. Kb1
h5 59. Qf6 e4 60. a4 e3 61. Qd4+ g4 62. Qd8+ Kh3 63. Qg5 h4 64. a5 Qf1+ 65. Kc2
e2 66. Qe3+ g3 67. Qe6+ Kh2 0-1

[Event "e2e4 Diamond Jubilee Premier"]
[Site "London ENG"]
[Date "2012.06.03"]
[Round "3.38"]
[White "Kender, Robert"]
[Black "Kahn, Tito"]
[Result "1/2-1/2"]
[WhiteElo "1946"]
[BlackElo "2085"]
[WhiteFideId "2064170"]
[BlackFideId "15600084"]
[EventDate "2012.06.02"]

1. e4 c5 2. Nf3 Nc6 3. d4 cxd4 4. Nxd4 e6 5. c4 Qc7 6. Nxc6 bxc6 7. Bd3 Nf6 8.
O-O Be7 9. Re1 d6 10. Nc3 O-O 11. b3 e5 12. h3 Be6 13. f4 exf4 14. Bxf4 Nd7 15.
Kh1 Ne5 16. Rc1 Qd7 17. Bf1 Rfd8 18. Qe2 Bf6 19. Nb1 a5 20. Nd2 Ng6 21. Bg3 Be5
22. Bxe5 dxe5 23. Nb1 Nf4 24. Qf3 Qe7 25. Nc3 Rd4 26. Rcd1 Rad8 27. Rxd4 Rxd4
28. Rd1 Qd7 29. Kh2 f6 30. Rxd4 Qxd4 31. Ne2 Nxe2 32. Qxe2 f5 33. exf5 Bxf5 34.
Qf3 g6 35. Qxc6 Qf4+ 36. Kg1 Qe3+ 37. Kh2 Qf4+ 38. Kg1 Qe3+ 1/2-1/2

[Event "e2e4 Diamond Jubilee Premier"]
[Site "London ENG"]
[Date "2012.06.03"]
[Round "3.39"]
[White "Humphreys, Jerry G"]
[Black "Tarhon, Brian"]
[Result "1/2-1/2"]
[WhiteElo "2080"]
[BlackElo "1769"]
[WhiteFideId "408158"]
[BlackFideId "423190"]
[EventDate "2012.06.02"]

1. e4 c5 2. Nc3 e6 3. g3 Nc6 4. Bg2 d6 5. Nge2 Nf6 6. O-O Be7 7. d3 O-O 8. h3
Rb8 9. f4 a6 10. Be3 Qc7 11. Qe1 b5 12. g4 Nd7 13. g5 b4 14. Nd1 f5 15. d4 cxd4
16. Nxd4 Nxd4 17. Bxd4 fxe4 18. Qxe4 Nc5 19. Qc6 Qxc6 20. Bxc6 d5 21. Ne3 Rb6
22. Bxd5 Rd8 23. Nc4 Rb8 24. Be5 exd5 25. Bxb8 Bxh3 26. Rfe1 dxc4 27. Rxe7 Rxb8
28. Rd1 Ne6 29. Rdd7 Rf8 30. Kh2 Bf5 31. c3 bxc3 32. bxc3 Ra8 33. Kg3 1/2-1/2

[Event "e2e4 Diamond Jubilee Premier"]
[Site "London ENG"]
[Date "2012.06.03"]
[Round "3.40"]
[White "McDonald, Ian"]
[Black "Rizvi, Nasir"]
[Result "1/2-1/2"]
[WhiteElo "1840"]
[BlackElo "2074"]
[WhiteFideId "2401541"]
[BlackFideId "1800540"]
[EventDate "2012.06.02"]

1. e4 c6 2. d4 d5 3. Nc3 dxe4 4. Nxe4 Bf5 5. Ng3 Bg6 6. h4 h6 7. Nf3 Nd7 8. Bd3
Bxd3 9. Qxd3 e6 10. Bf4 Qa5+ 11. Bd2 Bb4 12. c3 Be7 13. a4 Ngf6 14. O-O O-O 15.
Rfe1 Rfe8 16. b4 Qc7 17. c4 Rad8 18. Rac1 Ng4 19. Qb3 Ndf6 20. Ne4 Nxe4 21. Rxe4
f5 22. Bf4 Bd6 23. Bxd6 Qxd6 24. Re2 Nf6 25. Rce1 Ne4 26. c5 Qd5 27. Nd2 Nxd2
28. Qxd5 Rxd5 29. Rxd2 e5 30. f4 Red8 31. fxe5 Rxd4 32. Rf2 Kf7 33. Rxf5+ Ke6
34. Rf3 Rxb4 35. Rg3 Rd5 36. Rg6+ Kf5 37. e6 Re4 38. Rxe4 Kxe4 39. e7 Re5 40.
Rxg7 Kd5 41. e8=Q Rxe8 42. Rxb7 a5 43. Ra7 Kxc5 44. Rxa5+ Kb4 45. Rh5 Re6 46. g4
c5 47. g5 hxg5 48. hxg5 Kxa4 49. Kf2 c4 50. Kf3 c3 51. Rh1 c2 52. Kf4 Kb3 53.
Kf5 Re8 54. Rc1 Kb2 55. Rxc2+ Kxc2 56. g6 Kd3 57. g7 Kd4 58. Kg6 Ke5 59. Kf7 Rc8 1/2-1/2

[Event "e2e4 Diamond Jubilee Premier"]
[Site "London ENG"]
[Date "2012.06.03"]
[Round "3.41"]
[White "Shepherd, Katherine M"]
[Black "Croad, Nicolas"]
[Result "1/2-1/2"]
[BlackTitle "FM"]
[WhiteElo "1763"]
[BlackElo "2334"]
[WhiteFideId "412031"]
[BlackFideId "4300793"]
[EventDate "2012.06.02"]

1. d4 Nf6 2. Nf3 e6 3. Bf4 b6 4. e3 Bb7 5. Nbd2 c5 6. c3 Be7 7. h3 O-O 8. Be2 d6
9. O-O Re8 10. Qb3 Nbd7 11. Nc4 Qc7 12. a4 Rac8 13. a5 Bd5 14. Nfd2 Qc6 15. Bf3
cxd4 16. exd4 b5 17. Ne3 Bxb3 18. Bxc6 Rxc6 19. Nxb3 d5 20. Nc2 Rec8 21. Rfc1 a6
22. Kf1 Kf8 23. f3 Ng8 24. Ke2 f6 25. Rd1 Kf7 26. Rd2 h6 27. Kd1 g5 28. Bh2 f5
29. Nc1 f4 30. Nd3 Bd6 31. Ncb4 Bxb4 32. Nxb4 Rd6 33. Kc2 Ne7 34. g3 e5 35. dxe5
Nxe5 36. gxf4 Nxf3 37. Rf2 Nxh2 38. fxg5+ Kg6 39. gxh6 d4 40. Rxh2 Nf5 41. Rg1+
Kxh6 42. Kb3 d3 43. Rd2 Rcd8 44. Re1 Kg5 45. Re4 R8d7 46. Ka3 Kh5 47. Re5 Kg6
48. Re4 Kg5 49. Kb3 Rd8 50. Ka3 Kf6 51. Re1 Kg5 52. Re4 Kf6 53. Re1 1/2-1/2

[Event "e2e4 Diamond Jubilee Premier"]
[Site "London ENG"]
[Date "2012.06.03"]
[Round "3.42"]
[White "Karayiannis, Costas"]
[Black "Jensen, Soren2"]
[Result "1-0"]
[WhiteElo "2167"]
[BlackElo "1876"]
[WhiteFideId "405183"]
[BlackFideId "1409999"]
[EventDate "2012.06.02"]

1. c4 Nf6 2. g3 e6 3. Bg2 c5 4. Nf3 Nc6 5. O-O Be7 6. d4 cxd4 7. Nxd4 a6 8. Nc3
O-O 9. e4 Qc7 10. Be3 Nxd4 11. Qxd4 e5 12. Qd3 Bc5 13. Bg5 Be7 14. Rfd1 b6 15.
Rac1 Rd8 16. Bxf6 Bxf6 17. Nd5 Qd6 18. Qf3 Bb7 19. Nxf6+ Qxf6 20. Qxf6 gxf6 21.
Rd6 Bc6 22. Rxf6 Kg7 23. Rd6 b5 24. c5 b4 25. f3 a5 26. Bh3 a4 27. Rcd1 Bb5 28.
Bxd7 Be2 29. R1d2 Bxf3 30. c6 Ra7 31. Bf5 Rxd6 32. Rxd6 Rc7 33. Kf2 Bd1 34. Rxd1
Rxc6 35. Rd2 1-0

[Event "e2e4 Diamond Jubilee Premier"]
[Site "London ENG"]
[Date "2012.06.03"]
[Round "3.44"]
[White "Matthew, Ian G"]
[Black "Collins, Andrew"]
[Result "1/2-1/2"]
[WhiteElo "1930"]
[BlackElo "1685"]
[WhiteFideId "423165"]
[BlackFideId "425907"]
[EventDate "2012.06.02"]

1. e4 e5 2. Nc3 Nf6 3. Bc4 Nxe4 4. Qh5 Nd6 5. Qxe5+ Qe7 6. Qxe7+ Bxe7 7. Bb3 O-O
8. Nf3 c6 9. O-O Nf5 10. d4 d5 11. Ne2 Nd6 12. Ng3 a5 13. c3 Be6 14. Ng5 Bxg5
15. Bxg5 Nf5 16. Ne2 f6 17. Bd2 Bf7 18. Bc2 Nd6 19. Bf4 Nc4 20. b3 Nb6 21. Rae1
N8d7 22. Bd6 Rfe8 23. Nf4 Rxe1 24. Rxe1 a4 1/2-1/2

[Event "e2e4 Diamond Jubilee Premier"]
[Site "London ENG"]
[Date "2012.06.04"]
[Round "4.1"]
[White "Sumets, Andrey"]
[Black "Sipila, Vilka"]
[Result "1-0"]
[WhiteTitle "GM"]
[BlackTitle "FM"]
[WhiteElo "2599"]
[BlackElo "2393"]
[WhiteFideId "14105500"]
[BlackFideId "505455"]
[EventDate "2012.06.02"]

1. d4 Nf6 2. c4 g6 3. Nf3 Bg7 4. Nc3 O-O 5. e4 d6 6. Be2 e5 7. O-O Nc6 8. d5 Ne7
9. Nd2 a5 10. a3 c5 11. Rb1 Nd7 12. Nb5 Ra6 13. Qc2 f5 14. f3 Bh6 15. Nb3 f4 16.
Bd2 Rf6 17. Nc1 g5 18. b4 axb4 19. axb4 b6 20. Nd3 Bf8 21. Ra1 Nb8 22. Na7 Qc7
23. Nxc8 Nxc8 24. bxc5 bxc5 25. Rxa6 Nxa6 26. Rb1 Rf7 27. Qa4 Qa7 28. Bc3 Nc7
29. Qb3 Na6 30. Kf1 Re7 31. Bd1 Qa8 32. g3 Ra7 33. gxf4 gxf4 34. Qb5 Ne7 35. Qb6
Nc8 36. Qd8 Rb7 37. Ra1 Re7 38. Nxc5 dxc5 39. d6 Qc6 40. dxe7 Nxe7 41. Bxe5 Qe6
42. Bd6 Kf7 43. Bxe7 Kg8 44. Qxf8# 1-0

[Event "e2e4 Diamond Jubilee Premier"]
[Site "London ENG"]
[Date "2012.06.04"]
[Round "4.2"]
[White "Cobb, James"]
[Black "Vovk, Yuri"]
[Result "0-1"]
[WhiteTitle "IM"]
[BlackTitle "GM"]
[WhiteElo "2411"]
[BlackElo "2562"]
[WhiteFideId "1800949"]
[BlackFideId "14113171"]
[EventDate "2012.06.02"]

1. d4 Nf6 2. Nf3 g6 3. g3 Bg7 4. Bg2 O-O 5. O-O d6 6. c4 c6 7. Nc3 Qa5 8. h3 Qa6
9. Nd2 d5 10. cxd5 Nxd5 11. Nb3 Nxc3 12. bxc3 e5 13. Bg5 Nd7 14. e4 Qc4 15. Re1
f6 16. Be3 Nb6 17. Qc1 Qf7 18. Bh6 Bxh6 19. Qxh6 Be6 20. Nc5 Rad8 21. Red1 Nc4
22. Bf1 Bc8 23. Rac1 b6 24. Nb3 Be6 25. Rc2 f5 26. exf5 Qxf5 27. Bxc4 Bxc4 28.
Rcd2 Bd5 29. Kh2 Qf3 30. Rg1 Qxf2+ 0-1

[Event "e2e4 Diamond Jubilee Premier"]
[Site "London ENG"]
[Date "2012.06.04"]
[Round "4.3"]
[White "Vovk, Andrey"]
[Black "Collins, Sam E."]
[Result "1-0"]
[WhiteTitle "GM"]
[BlackTitle "IM"]
[WhiteElo "2549"]
[BlackElo "2428"]
[WhiteFideId "14114470"]
[BlackFideId "2501198"]
[EventDate "2012.06.02"]

1. e4 e5 2. Nf3 Nc6 3. Bb5 Nf6 4. Bxc6 dxc6 5. d3 Bd6 6. Nbd2 c5 7. Nc4 Nd7 8.
O-O O-O 9. Ng5 h6 10. Nh3 Re8 11. Kh1 Qh4 12. f4 exf4 13. Nxf4 Ne5 14. Nxd6 cxd6
15. Nd5 Bg4 16. Qd2 Rac8 17. Qf4 Qd8 18. Qg3 Kh7 19. Bf4 Bh5 20. Rf2 Re6 21. h3
f6 22. Raf1 Bf7 23. b3 Bg8 24. Ne3 Rc7 25. Nd5 Rd7 26. Bxh6 gxh6 27. Nxf6+ Kh8
28. Nxd7 Qxd7 29. Rf6 Qg7 30. Qf4 Rxf6 31. Qxf6 Nf7 32. Qe7 b5 33. Qxa7 Qc3 34.
Rxf7 Bxf7 35. Qxf7 Qxc2 36. Qf8+ Kh7 37. Qe7+ Kg8 38. Qxd6 1-0

[Event "e2e4 Diamond Jubilee Premier"]
[Site "London ENG"]
[Date "2012.06.04"]
[Round "4.4"]
[White "Longson, Alexander"]
[Black "Rausis, Igor"]
[Result "1/2-1/2"]
[BlackTitle "GM"]
[WhiteElo "2274"]
[BlackElo "2514"]
[WhiteFideId "408093"]
[BlackFideId "11600098"]
[EventDate "2012.06.02"]

1. e4 c5 2. Nf3 g6 3. c3 d5 4. exd5 Qxd5 5. d4 Bg7 6. Na3 cxd4 7. Bc4 Qe4+ 8.
Be3 Nh6 9. cxd4 O-O 10. O-O Nf5 11. Re1 Nxe3 12. Rxe3 Qf4 13. Ne5 Bxe5 14. dxe5
Nc6 15. g3 Qf5 16. Bd3 Qg4 17. Be2 Qb4 18. Nb5 Rd8 19. Qc1 Bh3 20. a3 Qa5 21. b4
Qb6 22. a4 Nxb4 23. g4 Rac8 24. Qb1 Nc2 25. Rxh3 Nxa1 26. Qxa1 Rd2 27. Re3 a6
28. Nc3 Qd4 29. Kf1 b5 30. axb5 axb5 31. Bxb5 Qxg4 32. Be2 Qf4 33. Kg2 Qg5+ 34.
Kf1 Qf4 35. Kg2 Qd4 36. Qa4 Qxa4 37. Nxa4 Rcc2 38. Kf3 g5 39. h3 h5 40. Bd3
Rxf2+ 41. Ke4 Rf4+ 42. Kd5 e6+ 43. Kd6 Rd4+ 44. Ke7 Rc7+ 45. Kf6 Rxa4 46. Be2
Rf4+ 47. Kxg5 Rf5+ 48. Kh6 Rc5 49. Ra3 Kf8 50. Ra8+ Ke7 51. Ra7+ Ke8 52. Bxh5
Rcxe5 53. Ra8+ Ke7 54. Ra7+ Kd6 55. Bxf7 Rf6+ 56. Kg7 Rf2 57. h4 Rg2+ 58. Bg6
Rc5 59. Ra6+ Ke5 60. Ra7 Kd4 61. Ra4+ Ke5 62. Ra7 Kd6 63. Ra6+ Kd7 64. Ra7+ Kd8
65. Ra8+ Kc7 66. Ra7+ 1/2-1/2

[Event "e2e4 Diamond Jubilee Premier"]
[Site "London ENG"]
[Date "2012.06.04"]
[Round "4.5"]
[White "Williams, Simon K"]
[Black "Eggleston, David J"]
[Result "0-1"]
[WhiteTitle "GM"]
[BlackTitle "FM"]
[WhiteElo "2513"]
[BlackElo "2327"]
[WhiteFideId "404454"]
[BlackFideId "412120"]
[EventDate "2012.06.02"]

1. b3 b6 2. Bb2 Bb7 3. f3 c5 4. e4 e6 5. Nh3 d6 6. Nf2 Nf6 7. c3 Be7 8. d4 O-O
9. Bd3 e5 10. d5 Nbd7 11. O-O Nh5 12. g3 g6 13. c4 Bc8 14. Nc3 Ng7 15. Ng4 h5
16. Ne3 h4 17. Qc2 Nf6 18. f4 Nfh5 19. Ne2 hxg3 20. hxg3 exf4 21. gxf4 Bf6 22.
e5 dxe5 23. fxe5 Bxe5 24. Bxe5 Qg5+ 25. Ng2 Qxe5 26. Qc3 Qd6 27. Nef4 Bg4 28.
Rae1 Rae8 29. Nxh5 Nxh5 30. Rxe8 Rxe8 31. Re1 Rxe1+ 32. Qxe1 Nf4 33. Bf1 Nh3+
34. Kh1 Qf6 35. Ne3 Bf3+ 36. Kh2 Ng5 37. Bg2 Ne4 38. Bxf3 Qxf3 39. Ng2 f5 40.
Qh4 g5 41. Qh6 Qg3+ 42. Kg1 Qd6 43. Qh5 Kg7 44. Qe8 g4 45. Qc8 Qf6 46. Qc7+ Kh6
47. Qh2+ Kg7 48. Qc7+ Kg6 49. Nf4+ Kh6 50. Qc6 Kg5 51. Ne6+ Kh4 52. Qc7 Qa1+ 53.
Kg2 Qb2+ 54. Kh1 Qc1+ 0-1

[Event "e2e4 Diamond Jubilee Premier"]
[Site "London ENG"]
[Date "2012.06.04"]
[Round "4.6"]
[White "Sowray, Peter J"]
[Black "Hebden, Mark L"]
[Result "0-1"]
[WhiteTitle "FM"]
[BlackTitle "GM"]
[WhiteElo "2376"]
[BlackElo "2512"]
[WhiteFideId "400971"]
[BlackFideId "400084"]
[EventDate "2012.06.02"]

1. e4 e5 2. Nf3 Nc6 3. Bb5 a6 4. Ba4 Nf6 5. O-O Be7 6. d3 d6 7. c4 O-O 8. h3 Nd7
9. Nc3 Nc5 10. Bxc6 bxc6 11. d4 exd4 12. Nxd4 Bf6 13. Be3 Bd7 14. Qc2 a5 15.
Rad1 Qb8 16. Nce2 Re8 17. Ng3 g6 18. Rfe1 Qb4 19. Bd2 Qb6 20. Bc3 Be5 21. Nf1
Re7 22. b3 Rae8 23. Qd2 Nb7 24. Ne3 Bg7 25. f3 a4 26. b4 f5 27. c5 dxc5 28. bxc5
Qxc5 29. exf5 Bh6 30. Ne6 Bxe6 31. fxe6 Rxe6 32. Bd4 Qd6 33. Qb2 c5 34. Nc2
Rxe1+ 35. Nxe1 Qd5 36. Qb5 Rd8 37. Bc3 Qxd1 38. Qxb7 Bd2 0-1

[Event "e2e4 Diamond Jubilee Premier"]
[Site "London ENG"]
[Date "2012.06.04"]
[Round "4.7"]
[White "Zhou, Yang-Fan"]
[Black "Jaunooby, Ali R"]
[Result "1-0"]
[WhiteTitle "IM"]
[WhiteElo "2438"]
[BlackElo "2158"]
[WhiteFideId "468584"]
[BlackFideId "413291"]
[EventDate "2012.06.02"]

1. e4 d5 2. exd5 Nf6 3. d4 Nxd5 4. c4 Nb6 5. Nc3 g6 6. c5 Nd5 7. Bc4 Nxc3 8.
bxc3 Bg7 9. Nf3 O-O 10. O-O b6 11. Re1 h6 12. Ne5 e6 13. Qf3 c6 14. Ba3 Qe7 15.
Rab1 Bb7 16. Nxg6 fxg6 17. Rxe6 Qf7 18. Qxf7+ Rxf7 19. Re7 Ba6 20. Bxf7+ Kh7 21.
cxb6 axb6 22. Bd6 Bf8 23. Rbe1 1-0

[Event "e2e4 Diamond Jubilee Premier"]
[Site "London ENG"]
[Date "2012.06.04"]
[Round "4.8"]
[White "Astaneh Lopez, Alex"]
[Black "Goodger, Martyn"]
[Result "1-0"]
[WhiteTitle "IM"]
[WhiteElo "2402"]
[BlackElo "2091"]
[WhiteFideId "2501430"]
[BlackFideId "408336"]
[EventDate "2012.06.02"]

1. e4 e5 2. Nf3 Nf6 3. Nxe5 d6 4. Nf3 Nxe4 5. Nc3 Nxc3 6. dxc3 Be7 7. Bf4 O-O 8.
Qd2 Nd7 9. O-O-O Nc5 10. Bc4 Be6 11. Bxe6 Nxe6 12. Be3 Qd7 13. h4 Qa4 14. Kb1
Bf6 15. Ng5 Qc4 16. Rh3 h5 17. Rg1 g6 18. g4 Ng7 19. Qd1 Rae8 20. Rhg3 Qb5 21.
gxh5 Nxh5 22. Qxh5 gxh5 23. Ne4+ Kh8 24. Nxf6 Qe2 25. Rg7 1-0

[Event "e2e4 Diamond Jubilee Premier"]
[Site "London ENG"]
[Date "2012.06.04"]
[Round "4.9"]
[White "Orishko, Yaroslav"]
[Black "Buckley, Graeme N"]
[Result "0-1"]
[BlackTitle "IM"]
[WhiteElo "2080"]
[BlackElo "2363"]
[WhiteFideId "14102919"]
[BlackFideId "402265"]
[EventDate "2012.06.02"]

1. d4 Nf6 2. c4 e6 3. Nf3 c5 4. Nc3 cxd4 5. Nxd4 b6 6. e4 d6 7. Be2 Bb7 8. Bg5
Be7 9. Ndb5 O-O 10. Bxf6 Bxf6 11. Nxd6 Bc6 12. O-O Be5 13. Ndb5 a6 14. Qxd8 Rxd8
15. Rad1 Rd7 16. f4 axb5 17. cxb5 Bd4+ 18. Rxd4 Rxd4 19. bxc6 Nxc6 20. e5 Nb4
21. Bf3 Rc8 22. g3 Nd3 23. Rd1 Rdd8 24. Na4 b5 25. Nc3 b4 26. Na4 Rc1 27. a3
Rxd1+ 28. Bxd1 Nxb2 29. Nxb2 bxa3 0-1

[Event "e2e4 Diamond Jubilee Premier"]
[Site "London ENG"]
[Date "2012.06.04"]
[Round "4.10"]
[White "Berry, Neil"]
[Black "Lalic, Peter D"]
[Result "1/2-1/2"]
[WhiteTitle "FM"]
[WhiteElo "2308"]
[BlackElo "2097"]
[WhiteFideId "2400650"]
[BlackFideId "416711"]
[EventDate "2012.06.02"]

1. Nf3 Nf6 2. c4 g6 3. g3 Bg7 4. Bg2 O-O 5. d4 d6 6. O-O c6 7. Nc3 Qa5 8. e4 e5
9. h3 Nbd7 10. Re1 Re8 11. Be3 exd4 12. Nxd4 Ne5 13. Bf1 Be6 14. Nxe6 Rxe6 15.
f4 Ned7 16. Bf2 Rae8 17. Bg2 Nc5 18. Rb1 Ncxe4 19. Nxe4 Nxe4 20. Bxe4 Rxe4 21.
Rxe4 Rxe4 22. Qxd6 Re8 23. a3 Qf5 24. Rd1 Qxh3 25. Qd7 Qxd7 26. Rxd7 Bxb2 27.
Rxb7 Bxa3 28. Rxa7 Bd6 29. Rd7 Re6 30. Rd8+ Kg7 31. Bd4+ Kh6 32. Kf2 Be7 33. Rd7
Rd6 34. Rxe7 Rxd4 35. Rxf7 Rxc4 1/2-1/2

[Event "e2e4 Diamond Jubilee Premier"]
[Site "London ENG"]
[Date "2012.06.04"]
[Round "4.11"]
[White "Mihajlov, Sebastian"]
[Black "White, Michael J R"]
[Result "1/2-1/2"]
[BlackTitle "FM"]
[WhiteElo "2064"]
[BlackElo "2272"]
[WhiteFideId "1512110"]
[BlackFideId "407380"]
[EventDate "2012.06.02"]

1. d4 Nf6 2. Nf3 g6 3. g3 Bg7 4. Bg2 O-O 5. O-O d6 6. c4 Nbd7 7. Nc3 e5 8. dxe5
dxe5 9. e4 c6 10. Qe2 Qe7 11. b3 Rd8 12. Rd1 Ne8 13. Be3 Nf8 14. Rxd8 Qxd8 15.
Rd1 Qa5 16. Qd2 Bg4 17. h3 Bxf3 18. Bxf3 Ne6 19. Ne2 Qa3 20. Qc2 Qe7 21. Bg4
N8c7 22. Kg2 b6 23. Rd3 Rf8 24. Bxe6 Nxe6 25. Qd2 Rd8 26. Rxd8+ Qxd8 27. Qxd8+
Nxd8 28. a4 Nb7 29. Nc1 f6 30. Kf3 Kf7 31. Ke2 Ke6 32. Kd3 f5 33. f3 Bf8 34. Na2
Bc5 35. b4 Bxe3 36. Kxe3 a5 37. b5 cxb5 38. cxb5 fxe4 39. fxe4 Kd6 40. Nc3 Nc5
41. h4 Ne6 42. Nd5 Kc5 43. Kf3 Nf8 44. Ke3 Nd7 45. Kd3 Kd6 46. Ke3 Ke6 47. Nc7+
Ke7 48. Nd5+ Kd6 49. g4 h6 50. g5 hxg5 51. hxg5 Kc5 52. Kd3 Nf8 53. Ne7 Kd6 54.
Nd5 Kc5 55. Ne7 Kb4 56. Nd5+ Kxa4 57. Kc4 Nd7 58. Nf6 Nc5 59. Nd5 Nd7 60. Nf6
Nc5 61. Nd5 Nd7 1/2-1/2

[Event "e2e4 Diamond Jubilee Premier"]
[Site "London ENG"]
[Date "2012.06.04"]
[Round "4.12"]
[White "Duport, Nicolas"]
[Black "Bennett, Dominic L"]
[Result "1-0"]
[WhiteElo "2214"]
[BlackElo "2072"]
[WhiteFideId "1314424"]
[BlackFideId "416657"]
[EventDate "2012.06.02"]

1. e4 c5 2. Nf3 d6 3. d4 cxd4 4. Nxd4 Nf6 5. Nc3 a6 6. g3 e6 7. Bg2 Be7 8. O-O
Bd7 9. a4 Nc6 10. Nxc6 bxc6 11. a5 e5 12. Qd3 O-O 13. Be3 Qc7 14. Na4 c5 15. Nb6
Ra7 16. Rfd1 Bb5 17. c4 Bc6 18. f3 Rb8 19. Bg5 Rd8 20. Rd2 Rb7 21. Bh3 h6 22.
Be3 Qb8 23. Rad1 Bd7 24. Bxd7 Nxd7 25. Nd5 Bf8 26. Qe2 Rb3 27. g4 Qb7 28. h4 Rb8
29. Rb1 Ra3 30. g5 hxg5 31. hxg5 Qb3 32. Rc1 Rxa5 33. Qh2 g6 34. Qh3 Rb7 35. Rh2
Bg7 36. Bd2 Ra4 37. Nf6+ Kf8 38. Qh8+ 1-0

[Event "e2e4 Diamond Jubilee Premier"]
[Site "London ENG"]
[Date "2012.06.04"]
[Round "4.13"]
[White "Batchelor, Peter J"]
[Black "Brown, Martin"]
[Result "0-1"]
[WhiteElo "2050"]
[BlackElo "2183"]
[WhiteFideId "424854"]
[BlackFideId "401480"]
[EventDate "2012.06.02"]

1. d4 Nf6 2. c4 g6 3. Nc3 d5 4. cxd5 Nxd5 5. e4 Nxc3 6. bxc3 Bg7 7. Nf3 c5 8.
Be3 Qa5 9. Qd2 O-O 10. Be2 Nc6 11. Rd1 Rd8 12. h3 b5 13. O-O Rb8 14. d5 Bxc3 15.
Qc2 Nd4 16. Nxd4 Bxd4 17. Bxd4 cxd4 18. Rxd4 Qb6 19. Rb4 Bd7 20. Rfb1 Rdc8 21.
Qb2 a5 22. Rb3 b4 23. Qe5 Qd6 24. Qxd6 exd6 25. f4 Ba4 26. Re3 Bc2 27. Rb2 a4
28. Bd3 b3 29. Ba6 a3 30. Rbxb3 Rxb3 31. Rxb3 Bxb3 32. Bxc8 Bxa2 0-1

[Event "e2e4 Diamond Jubilee Premier"]
[Site "London ENG"]
[Date "2012.06.04"]
[Round "4.14"]
[White "Martinsen, Stig K"]
[Black "Bhatia, Kanwal K"]
[Result "1-0"]
[BlackTitle "WFM"]
[WhiteElo "2169"]
[BlackElo "2064"]
[WhiteFideId "1502824"]
[BlackFideId "407496"]
[EventDate "2012.06.02"]

1. d4 Nf6 2. Bg5 Ne4 3. Bf4 c5 4. f3 Nf6 5. dxc5 Qa5+ 6. Qd2 Qxc5 7. e4 d6 8.
Nc3 a6 9. O-O-O Nc6 10. g4 Be6 11. Na4 Qb4 12. Qxb4 Nxb4 13. a3 Nc6 14. Nb6 Rd8
15. Ne2 Nd7 16. Be3 g6 17. Rg1 Bg7 18. Nf4 Nxb6 19. Bxb6 Rc8 20. Nxe6 fxe6 21.
f4 Rf8 22. Be3 Bh6 23. g5 Bg7 24. Bh3 Kd7 25. Rgf1 Na5 26. Kb1 Bxb2 27. f5 Nc4
28. fxe6+ Kc7 29. Bc1 Bxc1 30. Kxc1 Nxa3 31. e5 Kb6 32. Rxd6+ exd6 33. Rxf8 Rxf8
34. e7 Re8 35. exd6 Kc6 36. d7 Rxe7 37. d8=Q Rc7 38. Bg2+ Kb6 39. Qd6+ 1-0

[Event "e2e4 Diamond Jubilee Premier"]
[Site "London ENG"]
[Date "2012.06.04"]
[Round "4.15"]
[White "Moss, Guy"]
[Black "Talbot, Andrew R"]
[Result "1/2-1/2"]
[WhiteElo "1888"]
[BlackElo "2158"]
[WhiteFideId "2804620"]
[BlackFideId "410403"]
[EventDate "2012.06.02"]

1. e4 c5 2. Nf3 d6 3. c3 Nf6 4. h3 g6 5. Bd3 Bg7 6. Bc2 O-O 7. O-O Nc6 8. d4 e5
9. d5 Ne7 10. Be3 Ne8 11. Nfd2 f5 12. f4 Bh6 13. Nc4 exf4 14. Bxf4 Bxf4 15. Rxf4
b5 16. Ne3 fxe4 17. Rxf8+ Kxf8 18. Bxe4 Nf6 19. Qf3 Kg7 20. Nd2 Neg8 21. Rf1 Qe7
22. Nc2 Bd7 23. Re1 Qf8 1/2-1/2

[Event "e2e4 Diamond Jubilee Premier"]
[Site "London ENG"]
[Date "2012.06.04"]
[Round "4.16"]
[White "Jackson, James P"]
[Black "Hegarty, Sarah N"]
[Result "1-0"]
[BlackTitle "WFM"]
[WhiteElo "2121"]
[BlackElo "2062"]
[WhiteFideId "416860"]
[BlackFideId "2501465"]
[EventDate "2012.06.02"]

1. e4 c5 2. c3 d5 3. exd5 Qxd5 4. d4 g6 5. Nf3 Bg7 6. Be3 cxd4 7. cxd4 Nf6 8.
Nc3 Qa5 9. Bc4 O-O 10. O-O Qb4 11. Qe2 Bg4 12. a3 Bxf3 13. axb4 Bxe2 14. Bxe2
Nc6 15. b5 Nb4 16. Bf3 Nc2 17. Bxb7 Nxa1 18. Bxa8 Nc2 19. Bf3 Rd8 20. Rc1 Nxe3
21. fxe3 Bh6 22. Re1 e6 23. Kf2 Kf8 24. Ra1 Rd7 25. h3 Nd5 26. Bxd5 exd5 27. Ra5
f5 28. b6 axb6 29. Rxd5 Rb7 30. Rd6 b5 31. Nd5 b4 32. Rb6 Rd7 33. Rb5 Kf7 34. g3
b3 35. Nc3 Re7 36. Nd1 Rc7 37. Rxb3 Rc1 38. Ke2 Rc2+ 39. Kf3 Rc1 40. Rb7+ Kg8
41. Nc3 Rf1+ 42. Ke2 Rg1 43. Kf2 Rh1 44. h4 Rh2+ 45. Kf3 Bf8 46. b4 h6 47. b5 1-0

[Event "e2e4 Diamond Jubilee Premier"]
[Site "London ENG"]
[Date "2012.06.04"]
[Round "4.17"]
[White "Pena Torres, Jose Carlos"]
[Black "Thompson, Robert"]
[Result "1/2-1/2"]
[WhiteElo "2105"]
[BlackElo "1965"]
[WhiteFideId "2206617"]
[BlackFideId "417513"]
[EventDate "2012.06.02"]

1. e4 e5 2. Nf3 d6 3. d4 exd4 4. Nxd4 Nf6 5. Nc3 Be7 6. Be2 O-O 7. O-O Re8 8.
Re1 Nbd7 9. Nf5 Bf8 10. Bb5 c6 11. Bf1 Ne5 12. Bg5 Bxf5 13. exf5 d5 14. Qd4 Ned7
15. Rxe8 Qxe8 16. h3 Bd6 17. Bd3 h6 18. Bh4 Qe5 1/2-1/2